| 000 | 00675cab a2200205 4500 | ||
|---|---|---|---|
| 001 | WB2548-24 | ||
| 008 | 090401t1989 xxu||||| |||| 00| 0 eng d | ||
| 035 | _a(Sirsi) u16511 | ||
| 041 | _aeng | ||
| 245 | _aServing rent review notices | ||
| 260 | _c1989 | ||
| 350 | _a0 | ||
| 490 |
_aEstates Gazette _vno 8948, 2/12/89 p165 |
||
| 520 | _aDiscusses the decision in Stephenson & Son v Orca Properties Ltd , ChD 11 May 1988, Abstract 41711, which considered the validity of a landlord`s trigger notice . | ||
| 650 | _aLAW OF PROPERTY ACT 1925 S196 | ||
| 650 | _aRECORDED DELIVERY LETTER | ||
| 690 | _aPROPERTY-LANDLORD AND TENANT | ||
| 942 | _n0 | ||
| 948 | _c04/03/1997 | ||
| 999 |
_c10877 _d10877 |
||